Größte Städte Afrikas - Statistiken

Allgemein
  • Dieses Quiz wurde 574 mal gespielt
  • Das Durchschnittsergebnis liegt bei 18 aus 30
Antwortstatistiken
Platz Stadt Einwohnerzahl Land % Korrekt
1. Kairo 21,3 Mio. Ägypten
100%
13. Kapstadt 3,74 Mio. Südafrika
95%
8. Johannesburg 4,42 Mio Südafrika
93%
9. Nairobi 4,4 Mio. Kenia
90%
2. Kinshasa 14,97 Mio. D.R. Kongo
89%
6. Alexandria 5,16 Mio. Ägypten
88%
3. Lagos 14,86 Mio. Nigeria
88%
23. Algier 2,95 Mio. Algerien
86%
9. Addis Abeba 4,4 Mio. Äthiopien
84%
16. Dakar 3,52 Mio. Senegal
84%
4. Luanda 8,63 Mio. Angola
84%
30. Accra 2,51 Mio. Ghana
81%
15. Casablanca 3,62 Mio. Marokko
80%
5. Khartum 5,28 Mio. Sudan
80%
28. Antananarivo 2,61 Mio. Madagaskar
70%
22. Abuja 3,1 Mio. Nigeria
69%
11. Daressalam 4,36 Mio. Tansania
58%
29. Lusaka 2,52 Mio. Sambia
57%
27. Ouagadougou 2,74 Mio. Burkina Faso
56%
24. Maputo 2,95 Mio. Mosambik
55%
7. Abidjan 4,71 Mio. Elfenbeinküste
52%
19. Yaoundé 3,41 Mio. Kamerun
46%
12. Kano 3,91 Mio. Nigeria
33%
14. Douala 3,66 Mio. Kamerun
27%
17. Ibadan 3,46 Mio. Nigeria
22%
20. Kumasi 3,35 Mio. Ghana
18%
26. Port Harcourt 2,87 Mio. Nigeria
14%
21. Ekurhuleni 3,18 Mio. Südafrika
5%
18. eThekwini 3,44 Mio. Südafrika
4%
25. Tshwane 2,92 Mio. Südafrika
4%
Keine übereinstimmenden Quizze gefunden
Verteilung der Resultate
Anzahl Personen mit jedem Resultat
Perzentil nach korrekt beantworteten Fragen
Ihre Resultats-Entwicklung
Sie haben dieses Quiz noch nicht gespielt